Jawetz, Melnick & Adelberg's medical microbiology. (رقم التسجيلة. 77112)
[ عرض عادي ]
| 000 -الفاتح | |
|---|---|
| حقل البيانات ثابتة الطول | 01964cas a2200553 a 4500 |
| 001 - رقم الضبط | |
| رقم الضبط | 11389754 |
| 003 - محدد رقم الضبط | |
| رقم الضبط | OSt |
| 005 - وقت وتاريخ اخر تعامل مع التسجيلة | |
| رقم الضبط | 20190731164202.0 |
| 007 - الحقل الثابت للوصف المادى- معلومات عامة | |
| حقل البيانات ثابتة الطول | t| |
| 008 - عناصر البيانات ثابتة الطول - معلومات عامة | |
| حقل البيانات ثابتة الطول | 901210c19912016ctuhr 0 a0eng c |
| 010 ## - رقم ضبط مكتبة الكونجرس | |
| رقم ضبط مكتبة الكونجرس | 91649806 |
| رقم ضبط مكتبة الكونجرس الخاطئ والملغى | sn 90005863 |
| 016 7# - رقم ضبط الوكاله الوطنية للضبط الببليوجرافي | |
| رقم ضبط التسجيلة | 9208013 |
| المصدر | DNLM |
| 016 7# - رقم ضبط الوكاله الوطنية للضبط الببليوجرافي | |
| رقم ضبط التسجيلة | SR0072870 |
| المصدر | DNLM |
| 020 ## - الرقم الدولى المعيارى للكتب | |
| الرقم الدولى المعيارى للكتاب | 9781259255342 |
| 022 0# - الرقم الدولى المعيارى للدوريات | |
| الرقم الدولى المعيارى للدوريات | 1054-2744 |
| المصدر | 1 |
| 035 ## - رقم ضبط النظام | |
| رقم ضبط النظام | (OCoLC)ocm22829980 |
| 037 ## - مصدر التزويد | |
| مصدر رقم المخزون/ التزويد | Appleton & Lange, 25 Van Zant St., E. Norwalk, CT 06855 |
| 040 ## - مصدر الفهرسة | |
| وكالة الفهرسة الأصلية | NSDP |
| لغة الفهرسة | eng |
| وكالة النسخ | NSDP |
| وكالة التعديل | DLC |
| -- | DNLM |
| -- | NST |
| -- | NIC |
| -- | MiU |
| -- | CSdS |
| -- | N |
| -- | OCoLC |
| -- | MoSCC |
| -- | TULIB |
| -- | OCoLC |
| 042 ## - رمز التحقق | |
| رمز التحقق | nsdp |
| -- | pcc |
| 050 00 - رقم طلب مكتبة الكونجرس | |
| رقم التصنيف | QR46 |
| رقم المادة | .R47 |
| 060 00 - رقم الطلب بالمكتبة الطبية الوطنية | |
| رقم التصنيف | W1 |
| رقم المادة | JA988 |
| 082 00 - رقم تصنيف ديوى العشرى | |
| رقم التصنيف | 616.01 |
| رقم الطبعة | 22 |
| رقم المادة | JAM |
| 210 0# - العنوان المختصر | |
| العنوان المختصر | Jawetz, Melnick Adelberg's med. microbiol. |
| 222 #0 - العنوان المفتاحى | |
| العنوان المفتاحى | Jawetz, Melnick & Adelberg's medical microbiology |
| 245 00 - بيان العنوان | |
| العنوان | Jawetz, Melnick & Adelberg's medical microbiology. |
| 246 10 - العنوان الموازى | |
| عنوان صحيح/عنوان مختصر | Jawetz, Melnick, and Adelberg's medical microbiology |
| 246 10 - العنوان الموازى | |
| عنوان صحيح/عنوان مختصر | Medical microbiology |
| 246 18 - العنوان الموازى | |
| عنوان صحيح/عنوان مختصر | Microbiology |
| 250 ## - بيان الطبعة | |
| بيان الطبعة | 27th ed. |
| 260 ## - PUBLICATION, DISTRIBUTION, ETC. (IMPRINT) | |
| مكان الناشر او الموزع | Norwalk, Conn. : |
| اسم الناشر او الموزع | Appleton & Lange, |
| تاريخ النشر أو التوزيع | 2016 |
| 300 ## - الوصف المادى | |
| التعداد | v. : |
| تفاصيل ماديه اخرى للوعاء | ill. ; |
| أبعاد الوعاء | 26 cm. |
| 310 ## - تتابع الصدور الحالى | |
| رابط الحقل و رقم التتابع | Triennial, |
| التتابع الجاري للمطبوع | <2004-> |
| 321 ## - تتابع النشر السابق | |
| تتابع المطبوع السابق | Biennial |
| 362 0# - تواريخ النشر و/أو التعيين التسلسلى | |
| تاريخ النشر | 19th ed.- |
| 500 ## - تبصرة عامة | |
| تبصرة عامة | "A Lange medical book." |
| 590 ## - تبصرة محلية(RLIN) | |
| تبصرة محلية | SERBIB/SERLOC merged record |
| 650 #0 - المدخل الاضافى بالموضوع-مصطلح موضوعى | |
| مصطلح موضوعي أو اسم جغرافي كعنصر مدخل | Medical microbiology. |
| 9 (RLIN) | 73995 |
| 650 #2 - المدخل الاضافى بالموضوع-مصطلح موضوعى | |
| مصطلح موضوعي أو اسم جغرافي كعنصر مدخل | Microbiology |
| التقسيم الفرعي الشكلي | Periodicals. |
| 9 (RLIN) | 5589 |
| 650 #4 - المدخل الاضافى بالموضوع-مصطلح موضوعى | |
| مصطلح موضوعي أو اسم جغرافي كعنصر مدخل | Microbiology |
| التقسيم الفرعي الشكلي | Periodicals. |
| 9 (RLIN) | 5589 |
| 776 08 - مدخل الشكل المادى الاضافى | |
| نص العرض | Online version: |
| العنوان | Jawetz, Melnick & Adelberg's medical microbiology |
| رقم ضبط التسجيلة | (OCoLC)593560460 |
| 776 08 - مدخل الشكل المادى الاضافى | |
| نص العرض | Online version: |
| العنوان | Jawetz, Melnick & Adelberg's medical microbiology |
| رقم ضبط التسجيلة | (OCoLC)608418633 |
| 780 00 - مدخل سابق | |
| العنوان | Medical microbiology (Norwalk, Conn.) |
| الرقم الدولى المعيارى للدوريات | 1042-8089 |
| رقم ضبط التسجيلة | (DLC) 89650931 |
| -- | (OCoLC)19224929 |
| 906 ## - عنصر بيانات محلى F, LDF (RLIN) | |
| a | 7 |
| b | cbc |
| c | serials |
| d | 2 |
| e | ncip |
| f | 19 |
| g | n-oclcserc |
| 942 ## - عناصر المدخل الإضافي( كوها) | |
| مصدر التصنيف او مخطط الترفيف | Dewey Decimal Classification |
| Koha [default] item type | كتاب |
| حالة الفقد | نموذج السعر الفعال | حالة تلف | ليس للاعارة | رقم الطلب | تاريخ الاكتساب | الموقع الحالي | الباركود | الفرع الرئيسي | Date last seen | نوع المادة فى نظام كوها | مصدر التصنيف او خطة الترفيف | Total Checkouts | Date last checked out |
|---|---|---|---|---|---|---|---|---|---|---|---|---|---|
| 2019-07-31 | 616.01 JAM | 2019-07-31 | المكتبة المركزية بالمجمعة (CL) | 00156955 | المكتبة المركزية بالمجمعة (CL) | 2019-07-31 | كتاب | Dewey Decimal Classification | |||||
| 2019-07-31 | 616.01 JAM | 2019-07-31 | المكتبة المركزية بالمجمعة (CL) | 00156956 | المكتبة المركزية بالمجمعة (CL) | 2019-07-31 | كتاب | Dewey Decimal Classification | |||||
| 2019-07-31 | 616.01 JAM | 2019-07-31 | المكتبة المركزية بالمجمعة (CL) | 00156957 | المكتبة المركزية بالمجمعة (CL) | 2020-11-19 | كتاب | Dewey Decimal Classification | 1 | 2019-11-07 | |||
| 2019-07-31 | 616.01 JAM | 2019-07-31 | مكتبة مجمع الكليات بالزلفى - طلاب (SZM) | 00156958 | مكتبة مجمع الكليات بالزلفى - طلاب (SZM) | 2019-07-31 | كتاب | Dewey Decimal Classification | |||||
| 2019-07-31 | 616.01 JAM | 2019-07-31 | مكتبة مجمع الكليات بالزلفى - طلاب (SZM) | 00156959 | مكتبة مجمع الكليات بالزلفى - طلاب (SZM) | 2019-07-31 | كتاب | Dewey Decimal Classification |
